Ч. 1; Материалы 6-й научно-технической конференции Сибирского химического комбината, Северск, 17-20 октября 2000 г.

Détails bibliographiques
Parent link:Материалы 6-й научно-технической конференции Сибирского химического комбината, Северск, 17-20 октября 2000 г.: в 3 ч./ Сибирский химический комбинат. Ч. 1.— , 2001.— 5-93915-007-1
Langue:russe
Publié: 2001
Sujets:
Format: Livre
KOHA link:https://koha.lib.tpu.ru/cgi-bin/koha/opac-detail.pl?biblionumber=26826

MARC

LEADER 00000nam2a2200000 4500
001 26826
005 20231030201812.0
010 |a 5939150071 
035 |a (RuTPU)RU\TPU\book\27071 
035 |a BOOK00027146 
090 |a 26826 
100 |a 20011209d2001 k y0rusy50 ca 
101 0 |a rus 
102 |a RU 
105 |a a z 101zy 
200 0 |a Ч. 1 
210 |d 2001 
215 |a 262 с.  |c ил. 
320 |a Авт. указ.: с. 261-262. 
461 1 |0 (RuTPU)RU\TPU\book\208466  |y 5-93915-007-1  |t Материалы 6-й научно-технической конференции Сибирского химического комбината, Северск, 17-20 октября 2000 г.  |o в 3 ч.  |f Сибирский химический комбинат  |v Ч. 1  |d 2001 
610 1 |a химическая технология 
610 1 |a предприятия 
610 1 |a керамика 
610 1 |a оксиды 
610 1 |a ультрадисперсионные порошки 
610 1 |a тонкодисперсионные порошки 
610 1 |a высокоэнергетические магниты 
610 1 |a производство 
610 1 |a конференции 
610 1 |a Северск 
610 1 |a Сибирский химический комбинат 
610 1 |a СХК 
675 |a 666.3(063)  |v 3 
675 |a 621.318.1(063)  |v 3 
801 0 |a RU  |b 63413507  |c 20011209  |g PSBO 
801 2 |a RU  |b 63413507  |c 20111024  |g PSBO 
942 |c BK